Pediatric Nursing (Record no. 142339)

MARC details
000 -LEADER
fixed length control field 00391nam a2200157Ia 4500
008 - FIXED-LENGTH DATA ELEMENTS--GENERAL INFORMATION
fixed length control field 230314s9999 xx 000 0 und d
020 ## - INTERNATIONAL STANDARD BOOK NUMBER
International Standard Book Number 978-93-5270-118-6
041 ## - LANGUAGE CODE
Language code of text/sound track or separate title eng
082 ## - DEWEY DECIMAL CLASSIFICATION NUMBER
Classification number P/618.9/DAT/B09352
100 ## - MAIN ENTRY--PERSONAL NAME
Personal name Datta Parul
9 (RLIN) 177972
245 ## - TITLE STATEMENT
Title Pediatric Nursing
260 ## - PUBLICATION, DISTRIBUTION, ETC. (IMPRINT)
Name of publisher, distributor, etc. Jaypee Brothers
Place of publication, distribution, etc. New Delhi
Date of publication, distribution, etc. 2007
300 ## - PHYSICAL DESCRIPTION
Extent 498p
906 ## - LOCAL DATA ELEMENT F, LDF (RLIN)
b 02
Holdings
Withdrawn status Lost status Damaged status Not for loan Collection code Home library Current library Date acquired Vendor Cost, normal purchase price Bill number Total Checkouts Total Renewals Full call number Barcode Checked out Date last seen Date last checked out Cost, replacement price Bill Date Koha item type Original Barcode
          Smt. Bakul Tambat Institute of Nursing Education Smt. Bakul Tambat Institute of Nursing Education 30/03/2022 Varad Enterprises 750.00 1025 37 20 P 618.9 DAT B09783 BTIN-BK-9783 15/05/2026 08/05/2026 08/05/2026 502.50 22/02/2007 Books B09783
          Smt. Bakul Tambat Institute of Nursing Education Smt. Bakul Tambat Institute of Nursing Education 30/03/2022 Varad Enterprises 750.00 1025 26 20 P 618.9 DAT B09784 BTIN-BK-9784 19/08/2026 10/01/2025 10/01/2025 502.50 22/02/2007 Books B09784